| Поле | Инд. | ПП | Название | Значение |
|---|---|---|---|---|
| Тип записи | a | |||
| Библиографический уровень | m | |||
| 001 | Контрольный номер | dd4ffd67-d2f1-4151-974f-ceef7fe4e0af | ||
| 005 | Дата корректировки | 20140703173925.8 | ||
| 008 | Кодируемые данные | 010101 | ||
| 020 | a | ISBN | 978-5-7695-3961-9 | |
| c | Цена, тираж | 436.70 | ||
| 040 | a | Служба первич. каталог. | НБ ТвГУ | |
| 041 | a | Код языка текста | rus | |
| 080 | a | Индекс УДК | 544.18(075.8) | |
| a | Индекс УДК | 530.145(075.8) | ||
| 084 | a | Индекс другой классификации/Индекс ББК | Г511.2я73-1 | |
| a | Индекс другой классификации/Индекс ББК | В314я73-1 | ||
| 090 | x | Авторский знак | Б24 | |
| a | Полочн. индекс | Г511.2 | ||
| 100 | 1_ | a | Автор | Барановский Виктор Иванович |
| 245 | 10 | a | Заглавие | Квантовая механика и квантовая химия |
| b | Продолж. заглавия | учебное пособие для студентов вузов, обучающихся по химическим специальностям | ||
| c | Ответственность | В. И. Барановский | ||
| 260 | 0_ | a | Место издания | Москва |
| b | Издательство | Academia | ||
| c | Дата издания | 2008 | ||
| 300 | a | Объем | 382,[1] с. | |
| b | Иллюстрации/ тип воспроизводства | ил., табл. | ||
| 440 | a | Серия | Высшее профессиональное образование | |
| a | Серия | Естественные науки | ||
| 504 | a | Библиография | Библиогр.: с. 379-380. | |
| 583 | a | Действие | Получение впервые 34 08.04.2009 | |
| k | Исполнитель действия | ООО "Издательский центр "Академия" | ||
| 650 | a | Основная рубрика | Квантовая механика | |
| x | Основная подрубрика | Учебники для вузов | ||
| 650 | a | Основная рубрика | Квантовая химия | |
| 653 | a | Ключевые слова | Квантовая механика | |
| a | Ключевые слова | Квантовая химия | ||
| 852 | t | Порядковый номер экземпляра | 5 | |
| p | Инвентарный номер | 930453 | ||
| p | Инвентарный номер | 930454 | ||
| p | Инвентарный номер | 930455 | ||
| p | Инвентарный номер | 930456 | ||
| p | Инвентарный номер | 930457 | ||
| 863 | t | 00183677 | ||
| 863 | t | 00183678 | ||
| 863 | t | 00183679 | ||
| 863 | t | 00183680 | ||
| 863 | t | 00183681 | ||
| 888 | a | За счет средств университета | ||
| 930 | a | Новая/Ретро | учебники | |
| 952 | p | 34.2009 436.70 1 930453 | ||
| p | 34.2009 436.70 1 930454 | |||
| p | 34.2009 436.70 1 930455 | |||
| p | 34.2009 436.70 1 930456 | |||
| p | 34.2009 436.70 1 930457 | |||
| c | Вид литературы | К ру | ||
| 954 | a | Дата поступления на обработку | 20090415 | |
| 999 | a | Подразделение 2 | Фил3 |